| 000 | 00523nam a2200145 i 4500 | ||
|---|---|---|---|
| 001 | bg | ||
| 245 | 0 |
_aKatalog Nakładów Rzeczowych nr 7-21 / _cMinisterstwo Budownictwa i Przemysłu Materiałów Budowlanych ; [Inst. Organizacji, Zarządzania i Ekonomiki Przemysłu Budowlanego ORGBUD. |
|
| 254 | _aKNR7-21 | ||
| 260 |
_aWarszawa : _bWydawnictwa Akcydensowe, _c1984. |
||
| 650 | 9 | _amaszyny przemysłu materiałów budowlanych | |
| 040 | _cBPK | ||
| 041 | _apl | ||
| 942 | _cKA | ||
| 008 | s pl f |000 0 pol | ||
| 999 |
_c24128 _d24128 |
||
| 856 |
_uhttp://koha.tu.koszalin.pl/cgi-bin/koha/opac-detail.pl?biblionumber=24128 _yKatalog online BPK |
||